Czech Magic : Implementing Inflation-Forecast Targeting at the CNB /

This paper describes the CNB's experience implementing an inflation-forecast targeting (IFT) regime, and the building of a system for providing the economic information that policymakers need to implement IFT. The CNB's experience has been very successful in establishing confidence in mone...

Fuld beskrivelse

Bibliografiske detaljer
Hovedforfatter: Clinton, Kevin
Andre forfattere: Hledik, Tibor, Holub, Tomas, Laxton, Douglas
Format: Tidsskrift
Sprog:English
Udgivet: Washington, D.C. : International Monetary Fund, 2017.
Serier:IMF Working Papers; Working Paper ; No. 2017/021
Online adgang:Full text available on IMF
LEADER 01609cas a2200277 a 4500
001 AALejournalIMF017392
008 230101c9999 xx r poo 0 0eng d
020 |c 5.00 USD 
020 |z 9781475572971 
022 |a 1018-5941 
040 |a BD-DhAAL  |c BD-DhAAL 
100 1 |a Clinton, Kevin. 
245 1 0 |a Czech Magic :   |b Implementing Inflation-Forecast Targeting at the CNB /  |c Kevin Clinton, Tibor Hledik, Tomas Holub, Douglas Laxton. 
264 1 |a Washington, D.C. :  |b International Monetary Fund,  |c 2017. 
300 |a 1 online resource (56 pages) 
490 1 |a IMF Working Papers 
500 |a <strong>Off-Campus Access:</strong> No User ID or Password Required 
500 |a <strong>On-Campus Access:</strong> No User ID or Password Required 
506 |a Electronic access restricted to authorized BRAC University faculty, staff and students 
520 3 |a This paper describes the CNB's experience implementing an inflation-forecast targeting (IFT) regime, and the building of a system for providing the economic information that policymakers need to implement IFT. The CNB's experience has been very successful in establishing confidence in monetary policy in the Czech Republic and should provide useful guidance for other central banks that are considering adopting an IFT regime. 
538 |a Mode of access: Internet 
700 1 |a Hledik, Tibor. 
700 1 |a Holub, Tomas. 
700 1 |a Laxton, Douglas. 
830 0 |a IMF Working Papers; Working Paper ;  |v No. 2017/021 
856 4 0 |z Full text available on IMF  |u http://elibrary.imf.org/view/journals/001/2017/021/001.2017.issue-021-en.xml  |z IMF e-Library